000 00471nam a2200169Ia 4500
003 GCL
008 140319s9999 xx 000 0 ara d
040 _aGCL /
_cGCL
082 0 4 _aق
_b923.2
_bع ت
100 1 _aعبدالرحمن الرافعى
245 1 0 _aتاريخ البطل الشهيد محمد فريد /
_cعبدالرحمن الرافعى
300 _a525 ص
490 _a
650 0 4 _aالتراجم
650 0 4 _aمحمد فريد
942 _2ddc
_cBK
999 _c45197
_d45197